NCAA FOOTBALL TEAMS BY STATE (I) - Statistics

General Stats
  • This quiz has been taken 85 times
  • The average score is 8 of 10
Answer Stats
Hint Answer % Correct
Illinois Illinois Fighting Illini
99%
Iowa Iowa Hawkeyes
99%
Iowa Iowa State Cyclones
99%
Indiana Indiana Hoosiers
97%
Idaho Boise State Broncos
90%
Indiana Notre Dame Fighting Irish
85%
Indiana Purdue Boilermakers
79%
Illinois Northwestern Wildcats
76%
Illinois Northern Illinois Huskies
70%
Indiana Ball State Cardinals
54%
No matching quizzes found
Score Distribution
Percent of People with Each Score
Percentile by Number Answered
Your Score History
You have not taken this quiz